Focus sur: Magorian - Harry Potter - Statistiques

Statistiques générales
  • Ce quiz a été pris 54 fois
  • Le résultat moyen est 4 sur 5
Statistiques - réponses
Informations recherchées Réponses % Correct
Espèce Centaure
100%
Lieu de rencontre avec Harry Potter Forêt Interdite
96%
Couleur des cheveux Noir
94%
Première apparition Harry Potter et l'Ordre du Phénix
79%
Acteur l’interprétant dans les films Michael Wildman
17%
Aucun quiz correspondant
Distribution des résultats
% des personnes avec chaque résultat
Percentile par nombre de réponses
Votre historique - résultats
Vous n’avez pas pris ce quiz